Rastreando lo invisible : mujeres extranjeras en las cárceles /
Estudio que da cuenta de las condiciones sociales y jurídicas que viven las mujeres extranjeras recluidas en los centros penitenciarios de España, así como las políticas punitivas diseñadas por el Estado y las estrategias de adaptación y de sobrevivencia de dichas mujeres.
محفوظ في:
| المؤلف الرئيسي: | |
|---|---|
| مؤلفون آخرون: | , |
| التنسيق: | كتاب |
| اللغة: | الإسبانية |
| منشور في: |
Barcelona, España :
Anthropos,
2005, c2005
|
| سلاسل: | (Cuadernos A de Anthropos. Temas de Innovación Social ;
16) |
| الموضوعات: | |
| الوسوم: |
لا توجد وسوم, كن أول من يضع وسما على هذه التسجيلة!
|
MARC
| LEADER | 00000nam^a2200000^a^4500 | ||
|---|---|---|---|
| 001 | 000181386 | ||
| 005 | 20250521000000.0 | ||
| 009 | 20260310101929.551 | ||
| 020 | |a 84-7658-740-6 | ||
| 037 | |a Acervo ITESO - Biblioteca | ||
| 041 | |a ESP | ||
| 082 | |a 365. 430946 |b RIB | ||
| 100 | |a Ribas, Natalia |e (autor) | ||
| 245 | 1 | 0 | |a Rastreando lo invisible : |b mujeres extranjeras en las cárceles / |c N. Ribas, E. Almeda, E. Bodelón. |
| 264 | 4 | |a Barcelona, España : |b Anthropos, |c 2005, c2005 | |
| 300 | |a 188 p. | ||
| 336 | |a texto |b txt |2 rdacontenido | ||
| 337 | |a sin mediación |b n |2 rdamedio | ||
| 338 | |a volumen |b nc |2 rdasoporte | ||
| 440 | 1 | |a (Cuadernos A de Anthropos. |p Temas de Innovación Social ; |v 16) | |
| 520 | |a Estudio que da cuenta de las condiciones sociales y jurídicas que viven las mujeres extranjeras recluidas en los centros penitenciarios de España, así como las políticas punitivas diseñadas por el Estado y las estrategias de adaptación y de sobrevivencia de dichas mujeres. | ||
| 649 | |a XX | ||
| 650 | |a Mujeres - |z España - |x Condiciones Sociales y Culturales - |x Tema Principal | ||
| 650 | |a Mujeres - |z España - |x Condiciones Jurídicas | ||
| 650 | |a Género - |z España | ||
| 650 | |a Presos - |z España | ||
| 650 | |a Cárceles y Centros de Readaptación Social - |z España | ||
| 650 | |a Discriminación - |z España | ||
| 650 | |a Inmigración - |z España | ||
| 650 | |a Problemas Sociales - |z España | ||
| 650 | |a Política Migratoria - |z España | ||
| 650 | |a Política Criminológica - |z España | ||
| 650 | |a Derecho Penal - |z España | ||
| 650 | |a Derecho Penitenciario - |z España | ||
| 650 | |a Derecho Público - |z España | ||
| 650 | |a Criminología - |z España | ||
| 650 | |a Sociología | ||
| 700 | |a Almeda, Elisabet |e (autor) | ||
| 700 | |a Bodelón, Encarna |e (autor) | ||
| 910 | |a Fondo General | ||
| 920 | |a Impresos - Libros | ||
| 930 | |a Colección General | ||
| 905 | |a 101 | ||
| 901 | |a 0500121325 |b IT1 |c ACC |u 20250521 | ||
| 902 | |a https://opac.biblio.iteso.mx/vufind/Record/000181386 | ||